Memoria del curso de 1891 á 1892 / (Record no. 160962)
[ view plain ]
| 000 -LEADER | |
|---|---|
| campo de control de longitud fija | 01057nam a22002415i 4500 |
| 001 - NÚMERO DE CONTROL | |
| campo de control | 160962 |
| 003 - IDENTIFICADOR DE NÚMERO DE CONTROL | |
| campo de control | ES-MaACL |
| 005 - FECHA Y HORA DE LA ÚLTIMA TRANSACCIÓN | |
| campo de control | 20250807210535.0 |
| 008 - DATOS DE LONGITUD FIJA--INFORMACIÓN GENERAL | |
| campo de control de longitud fija | 041006s1892 sp |||| | spa d |
| 040 ## - FUENTE DE CATALOGACIÓN | |
| Centro catalogador/agencia de origen | CAM |
| Lengua de catalogación | spa |
| Centro/agencia transcriptor | CAM |
| 100 1# - ENTRADA PRINCIPAL--NOMBRE DE PERSONA | |
| Nombre de persona | Oliver, Juan A. |
| 9 (RLIN) | 86818 |
| 245 10 - MENCIÓN DEL TÍTULO | |
| Título | Memoria del curso de 1891 á 1892 / |
| Mención de responsabilidad, etc. | por Juan A. Oliver. |
| 260 ## - PUBLICACIÓN, DISTRIBUCIÓN, ETC. | |
| Lugar de publicación, distribución, etc. | Valencia : |
| Nombre del editor, distribuidor, etc. | Institución para la enseñanza de la mujer, |
| Fecha de publicación, distribución, etc. | 1892 ( |
| Fabricante | Imprenta de Francisco Vives Mora) |
| 300 ## - DESCRIPCIÓN FÍSICA | |
| Extensión | 31, 15 p. ; |
| Dimensiones | 27 cm. |
| 505 8# - NOTA DE CONTENIDO CON FORMATO | |
| Nota de contenido con formato | Contiene: Discurso inaugural del año académico de 1892-1893 por María Sampil de Sela |
| 594 ## - Nota al título y mención de responsabilidad | |
| Nota al título y mención de responsabilidad | Titulo de la cub.: Apertura del curso de 1892 á 1893. |
| 594 ## - Nota al título y mención de responsabilidad | |
| Nota al título y mención de responsabilidad | Precede al tít.: Institución para la Enseñanza de la Mujer. |
| 650 #4 - PUNTO DE ACCESO ADICIONAL DE MATERIA--TÉRMINO DE MATERIA | |
| Término de materia o nombre geográfico como elemento de entrada | Mujeres- |
| Subdivisión general | Educación |
| 9 (RLIN) | 12094 |
| 700 1# - ENTRADA AGREGADA--NOMBRE PERSONAL | |
| Nombre de persona | Sampil de Sela, María. |
| 9 (RLIN) | 132364 |
| 710 2# - ENTRADA AGREGADA--NOMBRE DE ENTIDAD CORPORATIVA | |
| Nombre de entidad corporativa o nombre de jurisdicción como elemento de entrada | Institución para la Enseñanza de la Mujer ( |
| Sede del congreso/Lugar de la reunión | Valencia) |
| 9 (RLIN) | 134511 |
| 852 ## - LOCALIZACIÓN | |
| Ubicación | ES-MaACL |
| Número de control de estantería | T-664-F-1 |
| Nota libre | -- Enc. hol. conservando la cub. original |
| -- | -- Enc. en un vol. facticio |
| Estatus retirado | Estado de pérdida | Estado de daño | No para préstamo | Colección | Biblioteca de origen | Biblioteca actual | Ubicación en estantería | Fecha de adquisición | Total de préstamos | Signatura topográfica completa | Código de barras | Visto por última vez | Precio de reemplazo | Tipo de ítem Koha |
|---|---|---|---|---|---|---|---|---|---|---|---|---|---|---|
| Colección de folletos | Biblioteca del Ateneo de Madrid | Biblioteca del Ateneo de Madrid | Depósito folletos | 17/01/2008 | T-664-F-1 | 1168572 | 23/02/2023 | 23/02/2023 | Folleto |
